000 00744 a2200205 4500
001 48611
005 20260407155750.0
008 260407a1966 arg spa d
003 AR-UNSa-BCEJYS
040 _aAR-UNSa-BCEJYS
_bspa
_cAR-UNSa-BCEJYS
080 _a911.3:33
_xGeografía económica
245 1 0 _aHábitat, economía y sociedad
_pintroducción a la geografíca a la etnología
264 1 _aBarcelona :
_bOikos-tau
_c1966
300 _a521 p.
_c21 cm.
505 _aPRIMERA PARTE: Pueblos Recolectores - SEGUNDA PARTE: Pueblos agricultores - TERCERA PARTE: Pastores nómadas - CUARTE PARTE: Hábitat y economía.
942 _cBK
590 _aniveau_biblio:m niveau_hierar:0
100 1 _aForde, C. Daryll
700 1 _aHuera, Carmen
999 _c4639
_d4639